Možné riešenia jazykovej situácie v Európskej únii

Tematika postavenia jazykov v medzinárodných vzťahoch a v jazykovej politike v Európskej únii. Návrhy na riešenie.

Salvato in:
Dettagli Bibliografici
Autore principale: Ondrušová, Terézia, 1978-
Natura: Capitolo di libro
Lingua:slovacco
Soggetti:
Tags: Aggiungi Tag
Nessun Tag, puoi essere il primo ad aggiungerne!!

MARC

LEADER 00000naa$a2200000$$$4500
001 0263285
005 20240502074200.4
041 0 |a slo 
044 |a SK 
245 1 0 |a Možné riešenia jazykovej situácie v Európskej únii  |c Terézia Ondrušová 
520 |a Tematika postavenia jazykov v medzinárodných vzťahoch a v jazykovej politike v Európskej únii. Návrhy na riešenie. 
610 2 0 |a jazyk štátny 
610 2 0 |a jazyky cudzie 
610 2 0 |a politika 
610 2 0 |a vzťahy medzinárodné 
610 2 0 |a Európska únia 
100 1 |a Ondrušová, Terézia, 1978-